| 000 | 03373cam a22004577i 4500 | ||
|---|---|---|---|
| 999 |
_c10649 _d10649 |
||
| 001 | 20586505 | ||
| 003 | GZU | ||
| 005 | 20220630135355.0 | ||
| 008 | 180717t20182018nyua b 000 0 eng d | ||
| 010 | _a 2017277898 | ||
| 020 | _a9781509805020 | ||
| 035 | _a(OCoLC)ocn992567053 | ||
| 040 |
_aYDX _beng _cYDX _erda _dBTCTA _dBDX _dJTD _dOCLCO _dIEP _dJAS _dFM0 _dBUR _dIGA _dUAP _dOCLCF _dKVIJL _dVP@ _dUBC _dOCLCO _dCUY _dOCLCO _dJBG _dOCLCO _dTYV _dOCLCO _dOCLCQ _dTCJ _dOCLCO _dUIU _dYOU _dOCLCO _dMNM _dJTO _dOCLCO _dNMW _dOCLCO _dDLC |
||
| 042 | _alccopycat | ||
| 050 | 0 | 0 |
_aBF431 _b.ADA 2018 |
| 100 | 1 |
_aAdam, David, _d1972- _eauthor. |
|
| 245 | 1 | 4 |
_aThe genius within : _bunlocking your brain's potential / _cDavid Adam. |
| 250 | _aFirst Pegasus books hardcover edition. | ||
| 264 | 1 |
_aLondon; New York : _bPicador; Pegasus Books, _c2018. |
|
| 264 | 4 | _c©2018 | |
| 300 |
_a326 pages : _billustrations ; _c24 cm |
||
| 336 |
_atext _btxt _2rdacontent |
||
| 337 |
_aunmediated _bn _2rdamedia |
||
| 338 |
_avolume _bnc _2rdacarrier |
||
| 504 | _aIncludes bibliographical references (pages 317-326). | ||
| 505 | 0 | _aOur brain revolution -- Mensa material -- A problem of intelligence -- Treating and cheating -- Pills and skills -- The mutual autopsy society -- Born with brains -- Current thinking -- The man who learned to cry -- The brain and other muscles -- The little girl who could draw -- The genius within -- The happiest man on death row -- On the brain train -- Faster, stronger, smarter. | |
| 520 | _a"David Adam explores the groundbreaking neuroscience of cognitive enhancement that is changing the way the brain and the mind works--to make it better, sharper, more focused and, yes, more intelligent. He considers how we measure and judge intelligence, taking us on a fascinating tour of the history of brain science and medicine, from gentlemen scientist brain autopsy clubs to case studies of mental health patients with extraordinary savant abilities. In addition to reporting on the latest research and fascinating case studies, David also goes on his own personal journey to investigate the possibilities of neuroenhancement, using himself as a guinea pig for smart pills and electrical brain stimulation in order to improve his IQ scores and cheat his way into MENSA. Getting to the heart of how we think about intelligence and mental ability, The Genius Within plunges into deep ethical, neuroscientific, and historical pools of enquiry about the science of brain function, untapping potential, and what it means for all of us. Going to the heart of how we consider, measure, and judge mental ability, The Genius Within asks difficult questions about the science that could rank and define us, and inevitably shape our future."--Jacket. | ||
| 650 | 0 | _aCognitive neuroscience. | |
| 650 | 0 | _aCognition. | |
| 650 | 2 | _aCognitive Neuroscience. | |
| 650 | 2 | _aCognition. | |
| 650 | 4 | _aCognitive neuroscience. | |
| 650 | 7 |
_aSCIENCE _xLife Sciences _xHuman Anatomy & Physiology. _2bisacsh |
|
| 650 | 7 |
_aSCIENCE _xLife Sciences _xNeuroscience. _2bisacsh |
|
| 650 | 7 |
_aCognition. _2fast _0(OCoLC)fst00866457 |
|
| 650 | 7 |
_aCognitive neuroscience. _2fast _0(OCoLC)fst00866540 |
|
| 655 | 2 | _aPopular Works. | |
| 906 |
_a7 _bcbc _ccopycat _d2 _encip _f20 _gy-gencatlg |
||
| 942 |
_2lcc _cBK _h360.5 _iADA _kQP |
||